| 000 | 00612nam a2200157Ia 4500 | ||
|---|---|---|---|
| 008 | 210716s2018 xx 000 0 und d | ||
| 020 | _a9781788390637 | ||
| 041 | _aeng | ||
| 082 | _a621.3821 GOMG | ||
| 100 | _aGomez, Guillaume; Boucher, Antoni. | ||
| 245 |
_aRust programming by example: enter the world of rust by building engaging concurrent reactive and robust applications. _bEnter the world of rust by building engaging concurrent reactive and robust applications. |
||
| 250 | _a1 | ||
| 260 |
_aMumbai _bPackt Publishing Ltd _c2018 |
||
| 300 | _aviii,437 | ||
| 650 | _aCommunication Network Architecture | ||
| 999 |
_c196848 _d196848 |
||